Science and society

Gorde:
Xehetasun bibliografikoak
Egile nagusia: Kaplan, Norman
Formatua: Liburua
Hizkuntza:Undetermined
Argitaratua: Chicago Rand McNally & Company 1965
Gaiak:
Etiketak: Etiketa erantsi
Etiketarik gabe, Izan zaitez lehena erregistro honi etiketa jartzen!
Thư viện lưu trữ: Trung tâm Học liệu Trường Đại học Cần Thơ
LEADER 00463nam a2200181Ia 4500
001 CTU_78582
008 210402s9999 xx 000 0 und d
082 |a 306.45 
082 |b K17 
100 |a Kaplan, Norman 
245 0 |a Science and society 
245 0 |c Norman Kaplan 
260 |a Chicago 
260 |b Rand McNally & Company 
260 |c 1965 
650 |a Science 
650 |x Social aspects 
980 |a Trung tâm Học liệu Trường Đại học Cần Thơ